000 00533nam a2200181Ia 4500
008 090124s9999 xx 000 0 und d
082 _b27886
_a1678
100 _aपंडित बाळ ज.
245 _a क्रिकेटचे नियम
250 _a1
260 _c1995
300 _a112
600 _aपंडित बाळ ज.
630 _a क्रिकेटचे नियम
700 _aपंडित बाळ ज.
730 _a क्रिकेटचे नियम
942 _cBOOK
999 _c141348
_d141348